000 00441nam a2200181Ia 4500
001 13065
005 20260306163026.0
008 260306t2017||||xx |||||||||||||| ||spa||
041 _aESP
082 _aRD 686.224
_bB88
100 _aBuen Unna, Jorge de
_eAUT
245 0 _aDiccionario de caracteres tipográficos
260 _c2017
300 _a277 páginas :
_c24 cm.
650 _aGEN
654 _aCHU
942 _cDIC
_dJUS
_fJUS
_2ddc
_n
999 _c13065
_d13065